000 00431nam a22001697a 4500
003 MPLRDC
005 20220104114250.0
008 210129b ||||| |||| 00| 0 eng d
082 _a855 ZZQ
100 _a朱自清、徐志摩等著
245 _a你最喜爱的散文
_c
260 _a
_b龙和出版有限公司
_c1988
300 _b
490 _a散文集粹
650 _a散文;随笔、日记
942 _cBK
_o855 ZZQ
999 _c6140
_d6130